Match the Biblical Couples Quiz Stats

 Plays Quiz Updated Aug 10, 2017

Support Sporcle.
Go Orange.
Score 0/20 Timer 04:00
1 Play Today
% Correct
Adam
94.6%
Samson
87%
Joseph
86.1%
Abraham
79%
Jacob
64.1%
Isaac
61.4%
Boaz
51.9%
Moses
49.8%
Ahab
40.4%
David
39.3%
% Correct
Zechariah
37.5%
Aquilla
33.1%
Ahasuerus
33%
Hosea
29.1%
Elimelech
24.8%
Aaron
24.2%
Elkanah
24.2%
Felix
20.3%
Lappidoth
14%
Heber
13.6%

You're not logged in!

Compare scores with friends on all Sporcle quizzes.
OR
Log In
Forgot?

From the Vault

Pick an Egg Dish

by hellofromUK

Now this is eggs-cellent.
Remove Ads.
Support Sporcle.
Get the best of Sporcle when you Go Orange. This ad-free experience offers more features, more stats, and more fun while also helping to support Sporcle. Thank you for becoming a member.

Show Comments

Extras

Top Quizzes Today


Score Distribution

Your Account Isn't Verified!

In order to create a playlist on Sporcle, you need to verify the email address you used during registration. Go to your Sporcle Settings to finish the process.

Report this User

Report this user for behavior that violates our Community Guidelines.

Details: